000 00967nmm a2200289 a 4500
001 ocm000702499
003 TR-IsHL
005 20201028123822.0
008 130902s1989 tu tur
007 cr cn
035 _a702499
_b(N$T)
050 0 4 _aKKX120
_b.S28 1989
090 0 4 _aKKX120
_b.S28 1989
100 1 _aSav, Önder
245 1 0 _aTürkiye Barolar Birliği başkanı avukat Önder Sav'ın 1989 - 1990 adalet yılının açılışında yaptığı konuşma, 6 Eylül 1989
_h[electronic resource] /
_cÖnder Sav
260 _aAnkara :
_bTürkiye Barolar Birliği,
_c1989
300 _a12 p.
650 4 _aHukuk
650 4 _aLaw
650 0 _aKonuşmalar, Hitabeler, vb.
650 0 _aSpeeches, Addresses, ext.
650 0 _aHukuk
_x Türkiye
650 0 _aLaw
_x Turkey
650 0 _aSav, Önder
650 7 _aLAW / General
_2bisacsh
856 4 0 _uhttp://search.ebscohost.com/login.aspx?direct=true&scope=site&db=e011xww&AN=702499
999 _c2616
_d2616